Online
Catalog

Los días chilenos de Juan Bosch / (Record no. 40877)

MARC details
000 -CABECERA
campo de control de longitud fija 02659nam a2200277 a 4500
001 - NÚMERO DE CONTROL
campo de control 000041387
003 - IDENTIFICADOR DEL NÚMERO DE CONTROL
campo de control DO-SdBNP
005 - FECHA Y HORA DE LA ÚLTIMA TRANSACCIÓN
campo de control 20260321073643.0
008 - DATOS DE LONGITUD FIJA--INFORMACIÓN GENERAL
campo de control de longitud fija 100222s 2000 dr a 001 0bspa d
020 ## - NÚMERO INTERNACIONAL ESTÁNDAR DEL LIBRO
Número Internacional Estándar del Libro 9789993467724
040 ## - FUENTE DE LA CATALOGACIÓN
Centro catalogador/agencia de origen DO-SdBNP
Lengua de catalogación spa
Centro/agencia transcriptor BNPHU
082 ## - NÚMERO DE LA CLASIFICACIÓN DECIMAL DEWEY
Número de clasificación BNPHU PD 923.27293
Número de documento/Ítem B742M, 2000
100 1# - ENTRADA PRINCIPAL--NOMBRE DE PERSONA
Nombre de persona Mansilla, Luis Alberto
9 (RLIN) 35896
245 14 - MENCIÓN DE TÍTULO
Título Los días chilenos de Juan Bosch /
Mención de responsabilidad, etc. Luis Alberto Mansilla ; introducción Vicente Bengoa Albizu; prólogo Volodia Teitelboim.
250 ## - MENCIÓN DE EDICIÓN
Mención de edición 2a. ed.
260 ## - PUBLICACIÓN, DISTRIBUCIÓN, ETC.
Lugar de publicación, distribución, etc. Santo Domingo :
Nombre del editor, distribuidor, etc. Banco de Reservas,
Fecha de publicación, distribución, etc. 2000.
300 ## - DESCRIPCIÓN FÍSICA
Extensión 294 p. :
Otras características físicas il. ;
Dimensiones 23 cm.
505 0# - NOTA DE CONTENIDO CON FORMATO
Título Introducción /
Mención de responsabilidad Vicente Bengoa --
Título Prólogo /
Mención de responsabilidad Voloida Teitelboim --
Información miscelánea Un avecindado en Chile --
Título Santiago a la vista ;
-- Las tertulias de nacimiento ;
-- La muchacha y Cuba ;
-- Té con el crítico Alone ;
-- La vieja y la nueva generación ;
-- El amigo Salvador Allende ;
-- El mundo se agita --
Información miscelánea Una larga marcha --
Título Los primeros años ;
-- Una temporada en otros mundos ;
-- El escritor rebelde ;
-- Hostos, el sembrador ;
-- Los años en La Habana ;
-- Después del fin del tirano ;
Información miscelánea Tres libros publicados en Chile --
Título La muchacha de La Guaira ;
-- Cuba, la isla fascinante ;
-- Judas Iscariote, el calumniado ;
Información miscelánea Trujillo según Bosch --
-- Golpe en la noche --
Título La llegada al poder --
-- Campaña de mentiras ;
-- El golpe en la noche ;
-- Relato de la traición ;
-- Los envenenadores --
Información miscelánea Crónica chilena de un levantamiento solidario ¡Viva Santo Domingo! --
Título Chile frente a la intervención norteamiercana de 1955 --
-- La primera amenaza ;
-- Un informe confidencial ;
-- La visita de Mr. Harriman ;
-- Un mitin de los trabajadores ;
-- Las decisiones de Allende ;
-- Las mujeres y los estudiantes católicos ;
-- Un dominicano Javier ;
-- Violencia contra representantes chilenos --
Información miscelánea Escritos sobre Chile en la hora de los hornos --
Título Un taller de baterías ;
-- De Santo Domingo a Molinos de Niebla ;
-- De Santiago de Chile a Río de Janeiro ;
-- El triunfo de Allende y la lucha popular ;
-- Algunas diferencias entre Chile y la República Dominicana ;
-- El fascismo en Chile --
Información miscelánea Apéndice --
Título Comentarios de Alone sobre los libros de Juan Bosch --
Información miscelánea Anexo I: El golpe de Estado a Bosch visto por los chilenos y otras imágenes --
-- Anexo II: El golpe de Estado a Allende visto por los dominicanos y otros documentos --
-- Índice onomástico
600 10 - PUNTO DE ACCESO ADICIONAL DE MATERIA--NOMBRE DE PERSONA
Nombre de persona Bosch, Juan,
Fechas asociadas al nombre 1909-2001
9 (RLIN) 76555
651 14 - PUNTO DE ACCESO ADICIONAL DE MATERIA--NOMBRE GEOGRÁFICO
Nombre geográfico Chile
Subdivisión general Política y Gobierno
9 (RLIN) 25626
651 14 - PUNTO DE ACCESO ADICIONAL DE MATERIA--NOMBRE GEOGRÁFICO
Nombre geográfico Chile
Subdivisión general Historia
Subdivisión cronológica Golpe de Estado, 1973
9 (RLIN) 35897
700 12 - PUNTO DE ACCESO ADICIONAL--NOMBRE DE PERSONA
Nombre de persona Bengoa Albizu, Vicente,
Término indicativo de función/relación introd.
9 (RLIN) 68038
700 12 - PUNTO DE ACCESO ADICIONAL--NOMBRE DE PERSONA
Nombre de persona Teitelboim, Volodia,
Término indicativo de función/relación prol.
9 (RLIN) 46016
910 ## - DATOS DE OPCIÓN DEL USUARIO (OCLC)
Datos de opción del usuario Validado. Control de calidad MFF
942 ## - ELEMENTOS DE PUNTO DE ACCESO ADICIONAL (KOHA)
Fuente del sistema de clasificación o colocación Dewey Decimal Classification
Tipo de ítem Koha Libro
Holdings
Estado de retiro Estado de pérdida Fuente del sistema de clasificación o colocación No para préstamo Código de colección Localización permanente Ubicación/localización actual Ubicación en estantería Fecha de adquisición Número de inventario Total de préstamos Signatura topográfica completa Código de barras Fecha visto por última vez Precio válido a partir de Tipo de ítem Koha
    Dewey Decimal Classification Excluido de préstamo Monografías: Libros y Folletos Biblioteca Nacional Pedro Henríquez Ureña Patrimonio Dominicano Depósito 01.10.2013 LF1   BNPHU PD 923.27293 B742M, 2000 41387-10 25.06.2020 25.06.2020 No se presta

Powered by Koha